La función presidencial en Centroamérica
Gespeichert in:
| 1. Verfasser: | |
|---|---|
| Format: | Text |
| Veröffentlicht: |
San José:
Editorial Costa Rica
|
| Tags: |
Tag hinzufügen
Keine Tags, Fügen Sie den ersten Tag hinzu!
|
MARC
| LEADER | 00000 a a2200000 04500 | ||
|---|---|---|---|
| 001 | 24960 | ||
| 003 | |||
| 040 | |||
| 090 | |a 176500 | ||
| 100 | |a Guier, Fernando | ||
| 245 | |a La función presidencial en Centroamérica | ||
| 260 | |a San José: |b Editorial Costa Rica | ||
| 300 | |a 140 p. | ||
| 999 | |c 11469 |d 11469 | ||
